Statistics for NBA Player's Team - Kevin Garnett

Click here to take the quiz!

General Stats

  • This quiz has been taken 529 times
  • The average score is 21 of 23

Answer Stats

SeasonTeam% Correct
1995-96Minnesota Timberwolves
99%
2009-10Boston Celtics
98%
2008-09Boston Celtics
98%
2007-08Boston Celtics
98%
1996-97Minnesota Timberwolves
98%
1997-98Minnesota Timberwolves
98%
1998-99Minnesota Timberwolves
98%
2012-13Boston Celtics
97%
2011-12Boston Celtics
97%
2010-11Boston Celtics
97%
2005-06Minnesota Timberwolves
97%
2004-05Minnesota Timberwolves
97%
2006-07Minnesota Timberwolves
97%
2003-04Minnesota Timberwolves
97%
2002-03Minnesota Timberwolves
97%
2001-02Minnesota Timberwolves
97%
2000-01Minnesota Timberwolves
97%
1999-00Minnesota Timberwolves
97%
2014-15Brooklyn Nets
90%
2013-14Brooklyn Nets
90%
2015-16Minnesota Timberwolves
90%
2014-15Minnesota Timberwolves
89%
CollegeFarragut Academy
28%

Score Distribution

Percentile by Number Answered

Percent of People with Each Score

Your Score History

You have not taken this quiz